| 000 | 00000nas##2200000za#4500 |
| 001 | 9.512281 |
| 003 | CaOODSP |
| 005 | 20210305160058 |
| 007 | ta |
| 008 | 150406c1976||||xxc|| p #||||f| |0fre|d |
| 022 | |a0707-9311 |
| 040 | |aCaOODSP|bfre |
| 041 | |aeng |
| 041 | |afre |
| 043 | |an-cn--- |
| 086 | 1 |aX2 |
| 110 | 1 |aCanada. |bParlement. |bChambre des communes. |
| 245 | 10|aJournaux |
| 260 | |aOttawa - Ontario : |bChambre des communes |
| 310 | |aHebdomadaire |
| 362 | 1 |a12 oct. 1976 -- N°s 145A à 145B, du lundi 28 juin 2012 au vendredi 29 juin 2012, 41e législature, première session |
| 546 | |aTextes en anglais et en français sur des colonnes parallèles. |
| 563 | |aPolycopié |
| 776 | 0#|tJournals |w(CaOODSP)9.500643 |
| 791 | |tJournals |eeng|w(CaOODSP)9.512280 |